00482nam a2200181 a 4500001001300000003000900013005001700022008004100039020001000080082001500090100001600105245005500121260004000176300000900216500003500225505001800260650002200278nice12345678IN_TiNIC20260116011521.0050524s1911 newa grp 000 0 eng  ac10000a269.2bZWE aZwemer, S M aIslam and Missionsb Report of Lucknow Conference. aNew YorkbFleming Revelle Co.c1911 a298p aincludes index and biblioraphy2 aIndex, Illus. aEvangelistic Work